| 000 | 01083nam a2200349 i 4500 | ||
|---|---|---|---|
| 001 | vtls000915326 | ||
| 003 | PNM | ||
| 005 | 20210414134401.0 | ||
| 008 | 201015s2020 my e 000 f may | ||
| 015 | _aM20-08990 | ||
| 020 |
_a9789672302216 _qpaperback _cRM 29.00 |
||
| 039 | 9 |
_a202012101601 _bsiti _c202010281657 _dkalthom _c202010280936 _dkalthom |
|
| 040 |
_aBNM _beng _cBNM _erda _dPPAK |
||
| 049 | _amal | ||
| 082 | 0 | 4 |
_a899.2333 _223 |
| 090 | 0 | 0 |
_a899.2333 _bMOH _dG |
| 090 | 0 | 0 |
_a899.2333 _bMOH _dG |
| 100 | 0 |
_aMohd. Daud Bakar, _cDatuk, _cDr., _d1964- _eauthor. |
|
| 245 | 1 | 0 |
_aCOVID 25 : _bKAPSUL KEHIDUPAN & MAKHLUK MISTIK / _cDatuk Dr. Mohd Daud Bakar |
| 264 | 1 |
_aKuala Lumpur : _bAmanie Media Sdn Bhd., _c2020 |
|
| 300 |
_aviii, 515 pages ; _c21 cm |
||
| 336 |
_atext _2rdacontent |
||
| 337 |
_aunmediated _2rdamedia |
||
| 338 |
_avolume _2rdacarrier |
||
| 500 | _aAlso published in online version. | ||
| 650 | 1 | 4 | _aMalaysian fiction (Malay) |
| 650 | 2 | 0 | _aMalay fiction |
| 942 |
_2ddc _cB |
||
| 949 | _62000732594 | ||
| 949 | _62000732596 | ||
| 949 | _62000732595 | ||
| 999 |
_c183396 _d183396 |
||